[Event "Oberliga Sued W 2122"]
[Site "Germany"]
[Date "2022.05.01"]
[Round "9.6"]
[White "Telke, Holger"]
[Black "Herzel, Dieter"]
[Result "0-1"]
[WhiteElo "2081"]
[BlackElo "2046"]
[PlyCount "49"]
[EventDate "2021.10.24"]
[EventType "team-tourn"]
[EventRounds "9"]
[EventCountry "GER"]
[SourceTitle "EXT 2023"]
[Source "ChessBase"]
[SourceDate "2022.10.05"]
[SourceVersion "1"]
[SourceVersionDate "2022.10.05"]
[SourceQuality "1"]
[WhiteTeam "Altenkirchen"]
[BlackTeam "Frankenthal"]
[WhiteTeamCountry "GER"]
[BlackTeamCountry "GER"]

1. d4 f5 2. e4 fxe4 3. Nc3 Nf6 4. Bg5 c6 5. Bxf6 exf6 6. Nxe4 d5 7. Ng3 Bd6 8. Bd3 Qe7+ 9. Qe2 Qxe2+ 10. N1xe2 Be6 11. Nf5 Bxf5 12. Bxf5 g6 13. Bd3 Nd7 14. 0-0 0-0 15. Rae1 Rae8 16. Nc1 Kg7 17. g3 f5 18. f3 Nf6 19. Re2 Rxe2 20. Nxe2 Re8 21. Kf2 b6 22. Re1 c5 23. dxc5 bxc5 24. Nc1 c4 25. Bf1 0-1

[Event "Oberliga Sued W 1819"]
[Site "Germany"]
[Date "2019.04.07"]
[Round "9.4"]
[White "Frede, Lennart"]
[Black "Telke, Holger"]
[Result "1/2-1/2"]
[WhiteElo "2167"]
[BlackElo "2095"]
[PlyCount "127"]
[EventDate "2018.10.21"]
[EventType "team-tourn"]
[EventRounds "9"]
[EventCountry "GER"]
[SourceTitle "EXT 2020"]
[Source "ChessBase"]
[SourceDate "2019.10.17"]
[SourceVersion "1"]
[SourceVersionDate "2019.10.17"]
[SourceQuality "1"]
[WhiteTeam "Gau Algesheim"]
[BlackTeam "Altenkirchen"]
[WhiteTeamCountry "GER"]
[BlackTeamCountry "GER"]

1. e4 e6 2. Nc3 d5 3. Nf3 Nf6 4. exd5 exd5 5. d4 Bd6 6. Bd3 0-0 7. 0-0 Bg4 8. Nb5 Ne4 9. Re1 f5 10. h3 Bh5 11. Be2 Bxf3 12. Bxf3 Qh4 13. Bxe4 fxe4 14. Be3 Rf6 15. Qg4 Qxg4 16. hxg4 Nd7 17. g5 Rf5 18. g4 Rf3 19. Kg2 Nf8 20. Nxd6 cxd6 21. Rh1 Rc8 22. Rac1 Ng6 23. Kf1 Rcf8 24. Ke1 Nf4 25. Rh2 Kf7 26. Kd2 Kg6 27. Rch1 Rf7 28. Rxh7 Ng2 29. R7h2 Rxf2+ 30. Bxf2 Rxf2+ 31. Kd1 e3 32. Rxg2 Rxg2 33. Rh3 Rxg4 34. Rxe3 Rxd4+ 35. Kc1 Re4 36. Rb3 b6 37. Ra3 a5 38. Rd3 Kxg5 39. Rxd5+ Kf6 40. Rxd6+ Re6 41. Rd8 Kf5 42. Kd2 g5 43. Rf8+ Kg4 44. a3 Kh3 45. Rh8+ Kg3 46. b4 axb4 47. axb4 g4 48. c4 Kf2 49. Rf8+ Kg1 50. Rg8 Re4 51. Kd3 Rf4 52. c5 b5 53. c6 Rc4 54. Rg5 Kf2 55. Rf5+ Ke1 56. Rc5 g3 57. c7 g2 58. c8Q g1Q 59. Rxc4 Qg3+ 60. Kd4 Qf4+ 61. Kd5 Qf7+ 62. Kd4 Qf4+ 63. Kc3 Qc1+ 64. Kd3 1/2-1/2

[Event "Oberliga Sued W 1819"]
[Site "Germany"]
[Date "2019.01.20"]
[Round "5.4"]
[White "Erhardt, Michael"]
[Black "Telke, Holger"]
[Result "1/2-1/2"]
[WhiteElo "2110"]
[BlackElo "2095"]
[PlyCount "236"]
[EventDate "2018.10.21"]
[EventType "team-tourn"]
[EventRounds "9"]
[EventCountry "GER"]
[SourceTitle "EXT 2020"]
[Source "ChessBase"]
[SourceDate "2019.10.17"]
[SourceVersion "1"]
[SourceVersionDate "2019.10.17"]
[SourceQuality "1"]
[WhiteTeam "Saarbruecken Gambit"]
[BlackTeam "Altenkirchen"]
[WhiteTeamCountry "GER"]
[BlackTeamCountry "GER"]

1. e4 e6 2. d4 d5 3. Nc3 Bb4 4. a3 Bxc3+ 5. bxc3 dxe4 6. Qg4 Nf6 7. Qxg7 Rg8 8. Qh6 c5 9. Ne2 cxd4 10. cxd4 Nc6 11. Bb2 Qa5+ 12. Bc3 Qf5 13. Ng3 Qxf2+ 14. Kxf2 Ng4+ 15. Ke1 Nxh6 16. Nxe4 Ke7 17. Rd1 Nf5 18. d5 exd5 19. Nf6 Rg6 20. Nxd5+ Kf8 21. Kf2 Nd6 22. Bd3 Bf5 23. Bxf5 Nxf5 24. Nf6 h5 25. Rhe1 h4 26. Rd7 Ncd4 27. Bxd4 Nxd4 28. Nh7+ Kg7 29. Rxd4 Kxh7 30. Rxh4+ Kg7 31. Re7 Rd8 32. g3 Rd2+ 33. Re2 Rd7 34. Rhe4 Rf6+ 35. Kg2 Rc6 36. Rg4+ Kh7 37. c4 Rg6 38. Rf4 Ra6 39. Ref2 Kg7 40. Rg4+ Rg6 41. Rxg6+ Kxg6 42. c5 Rc7 43. Rb2 Kf5 44. h4 Ke4 45. Kh3 f5 46. h5 Rg7 47. Rb4+ Ke5 48. Kh4 Rc7 49. Rb1 Kf6 50. Rc1 Rg7 51. Rc4 Rc7 52. Rf4 Rxc5 53. g4 b5 54. g5+ Ke5 55. Kg3 Ke6 56. h6 Kf7 57. Rh4 Rc3+ 58. Kf2 Rc8 59. a4 a6 60. axb5 axb5 61. Rd4 Kg6 62. Rd5 Rb8 63. h7 Rh8 64. Rxb5 Rxh7 65. Rb3 Kxg5 66. Ra3 f4 67. Kg2 Rc7 68. Kf2 Kg4 69. Kg2 Rc2+ 70. Kg1 Rb2 71. Kf1 Rc2 72. Kg1 Rd2 73. Kf1 Kf5 74. Ke1 Rh2 75. Kf1 Ke4 76. Ra4+ Kf3 77. Ra3+ Kg4 78. Rb3 Ra2 79. Kg1 Re2 80. Kf1 Re5 81. Ra3 Rd5 82. Kf2 Rd2+ 83. Kf1 Rh2 84. Kg1 Re2 85. Kf1 Re7 86. Kf2 Rd7 87. Rb3 Rd2+ 88. Kf1 Kf5 89. Ke1 Rd4 90. Kf2 Ke4 91. Ra3 Rb4 92. Ke2 Rb2+ 93. Kf1 Rd2 94. Rb3 Rh2 95. Ra3 Rd2 96. Rb3 Ra2 97. Ke1 Rg2 98. Kf1 Rg5 99. Kf2 Rh5 100. Rb4+ Kf5 101. Rb5+ Kg4 102. Rxh5 Kxh5 103. Kf3 Kg5 104. Kf2 Kg4 105. Kg2 Kg5 106. Kf3 Kf5 107. Kf2 Ke4 108. Ke2 f3+ 109. Kf2 Kf4 110. Kf1 Kf5 111. Kf2 Kg4 112. Kf1 Kg3 113. Kg1 Kf4 114. Kf2 Ke4 115. Kf1 Kd3 116. Kf2 Ke4 117. Kf1 Ke5 118. Ke1 Kf4 1/2-1/2

[Event "Oberliga Sued W 1718"]
[Site "Germany"]
[Date "2018.04.15"]
[Round "11.4"]
[White "Telke, Holger"]
[Black "Erhardt, Michael"]
[Result "0-1"]
[WhiteElo "2092"]
[BlackElo "2093"]
[PlyCount "80"]
[EventDate "2017.09.10"]
[EventType "team-tourn"]
[EventRounds "11"]
[EventCountry "GER"]
[SourceTitle "EXT 2019"]
[Source "ChessBase"]
[SourceDate "2018.10.10"]
[SourceVersion "1"]
[SourceVersionDate "2018.10.10"]
[SourceQuality "1"]
[WhiteTeam "Altenkirchen"]
[BlackTeam "Saarbruecken Gambit"]
[WhiteTeamCountry "GER"]
[BlackTeamCountry "GER"]

1. d4 d5 2. Nf3 Nf6 3. e3 Bg4 4. c4 c6 5. Qb3 Qb6 6. Ne5 Bf5 7. Nc3 e6 8. c5 Qxb3 9. axb3 Nbd7 10. Nxd7 Nxd7 11. b4 a6 12. b5 cxb5 13. Bxb5 0-0-0 14. Be2 Be7 15. Bd2 Nb8 16. b4 Nc6 17. Na4 Bf6 18. Nb6+ Kc7 19. f4 h5 20. Ra3 Be4 21. 0-0 Rdg8 22. Bxa6 bxa6 23. Rxa6 Bd3 24. Rfa1 Bxa6 25. Rxa6 Kb7 26. b5 Nxd4 27. Nd7 Nxb5 28. Rb6+ Kc7 29. Nxf6 gxf6 30. Rxb5 Rb8 31. Rxb8 Rxb8 32. Bc3 Kc6 33. Bxf6 Kxc5 34. h4 Kc4 35. g4 Rg8 36. Bg5 hxg4 37. h5 Rh8 38. h6 Kd3 39. Kf2 Ke4 40. Kg3 Kf5 0-1

[Event "Oberliga Sued W 1718"]
[Site "Germany"]
[Date "2017.11.12"]
[Round "4.4"]
[White "Telke, Holger"]
[Black "Czybik, Nils Patrick"]
[Result "0-1"]
[WhiteElo "2092"]
[BlackElo "2169"]
[PlyCount "72"]
[EventDate "2017.09.10"]
[EventType "team-tourn"]
[EventRounds "11"]
[EventCountry "GER"]
[SourceTitle "EXT 2019"]
[Source "ChessBase"]
[SourceDate "2018.10.10"]
[SourceVersion "1"]
[SourceVersionDate "2018.10.10"]
[SourceQuality "1"]
[WhiteTeam "Altenkirchen"]
[BlackTeam "Schwarzenbach Caissa"]
[WhiteTeamCountry "GER"]
[BlackTeamCountry "GER"]

1. d4 e6 2. Nf3 Nf6 3. e3 c5 4. Bd3 d5 5. c3 Bd6 6. Nbd2 Nbd7 7. 0-0 0-0 8. Re1 e5 9. e4 exd4 10. cxd4 Re8 11. exd5 cxd4 12. Rxe8+ Qxe8 13. Nc4 Bc5 14. b4 Bxb4 15. Bb2 b5 16. Ncd2 Bc3 17. Qc2 Nb6 18. Re1 Qd7 19. Nxd4 Bxb2 20. Qxb2 a6 21. Ne4 Nbxd5 22. Nf5 Bb7 23. Nc5 Qc7 24. Qd4 g6 25. Nh6+ Kg7 26. Ng4 Qf4 27. Re4 Qc1+ 28. Bf1 Bc8 29. Nxf6 Nxf6 30. Rf4 Bf5 31. Nd7 Qc6 32. Ne5 Qd5 33. Qb2 Re8 34. Ng4 Qd6 35. Nxf6 Qxf6 36. Qxf6+ Kxf6 0-1

[Event "Mittelrhein Verbandsliga-W 1112"]
[Site "Germany"]
[Date "2012.02.05"]
[Round "6.1"]
[White "Wantiez, Fabrice"]
[Black "Telke, Holger"]
[Result "1-0"]
[WhiteElo "2329"]
[BlackElo "2058"]
[PlyCount "59"]
[EventDate "2011.09.18"]
[EventType "team-tourn"]
[EventRounds "11"]
[EventCountry "GER"]
[SourceTitle "EXT 2013"]
[Source "ChessBase"]
[SourceDate "2012.11.22"]
[SourceVersion "1"]
[SourceVersionDate "2012.11.22"]
[SourceQuality "1"]
[WhiteTeam "Aachen Aufwaerts II"]
[BlackTeam "Aachen PTSV"]
[WhiteTeamCountry "GER"]
[BlackTeamCountry "GER"]

1. e4 e6 2. d4 d5 3. Nc3 dxe4 4. Nxe4 Nd7 5. g3 Ngf6 6. Nxf6+ Nxf6 7. Bg2 c5 8. Ne2 cxd4 9. Qxd4 Bd6 10. Be3 Qc7 11. 0-0-0 Be5 12. Qb4 a5 13. Qa3 Qc4 14. Nd4 Nd5 15. Bxd5 Qxd5 16. Nf5 Bxb2+ 17. Qxb2 Qxf5 18. Qxg7 Rf8 19. Bh6 Qc5 20. Qxf8+ Qxf8 21. Bxf8 Kxf8 22. Rd8+ Kg7 23. Rhd1 b5 24. R1d6 Bb7 25. Rxa8 Bxa8 26. Ra6 Bd5 27. Rxa5 Bc4 28. Kb2 Kf6 29. Kc3 e5 30. a4 1-0

[Event "Maastricht Limburg op"]
[Site "Maastricht"]
[Date "2007.05.27"]
[Round "5"]
[White "Costello, Colin"]
[Black "Telke, Holger"]
[Result "1/2-1/2"]
[WhiteElo "2004"]
[BlackElo "2163"]
[PlyCount "153"]
[EventDate "2007.05.25"]
[EventType "swiss"]
[EventRounds "7"]
[EventCountry "NED"]
[SourceTitle "CBM 118 Extra"]
[Source "ChessBase"]
[SourceDate "2007.07.04"]
[SourceVersion "1"]
[SourceVersionDate "2007.07.04"]
[SourceQuality "1"]

1. c4 e5 2. Nc3 Nf6 3. g3 d5 4. cxd5 Nxd5 5. Bg2 Nb6 6. Nf3 Nc6 7. 0-0 Be7 8. a3 f5 9. d3 0-0 10. b4 Bf6 11. Bb2 Be6 12. Nd2 Qd7 13. Nb3 Be7 14. Nc5 Bxc5 15. bxc5 Nd5 16. Nxd5 Bxd5 17. e4 Be6 18. exf5 Bd5 19. Be4 Rad8 20. Qf3 Qf7 21. Rfe1 g6 22. f6 Qe6 23. Bxd5 Rxd5 24. Qe4 Rxf6 25. Rac1 Rd8 26. f4 Qd5 27. Bxe5 Nxe5 28. fxe5 Re6 29. Qxd5 Rxd5 30. Rb1 b6 31. cxb6 cxb6 32. Rbc1 Rdxe5 33. Rc8+ Kf7 34. Rf1+ Rf6 35. Rfc1 Rd6 36. R1c7+ Kf6 37. Rxa7 Re2 38. Rf8+ Kg5 39. Rf2 Rxf2 40. Kxf2 Rxd3 41. Rxh7 Rxa3 42. Rb7 Rb3 43. h3 Rb5 44. Kf3 Rf5+ 45. Ke4 Rb5 46. Kf3 Rb3+ 47. Kf2 b5 48. Rb6 b4 49. h4+ Kf5 50. Rb5+ Ke4 51. g4 Kf4 52. h5 Rb2+ 53. Ke1 g5 54. h6 b3 55. h7 Rh2 56. Rb4+ Kf3 57. Rxb3+ Kxg4 58. Rb4+ Kf5 59. Kf1 Rxh7 60. Kg2 Re7 61. Rb8 Re4 62. Kg3 Re3+ 63. Kf2 Ra3 64. Kg2 Kg4 65. Rb4+ Kh5 66. Rb5 Kh4 67. Rb8 Ra2+ 68. Kg1 g4 69. Rb1 Kh3 70. Rb3+ Kh4 71. Rb8 Rd2 72. Rb4 Rd3 73. Kg2 Rg3+ 74. Kh2 Re3 75. Rb2 g3+ 76. Kg2 Kg4 77. Ra2 1/2-1/2

[Event "SVR-ch MTA 30th"]
[Site "Nickenich"]
[Date "2007.04.06"]
[Round "8"]
[White "Telke, Holger"]
[Black "Strassner, Andreas"]
[Result "1-0"]
[WhiteElo "2163"]
[BlackElo "2108"]
[PlyCount "37"]
[EventDate "2007.03.30"]
[EventType "tourn"]
[EventRounds "9"]
[EventCountry "GER"]
[SourceTitle "EXT 2009"]
[Source "ChessBase"]
[SourceDate "2008.11.26"]
[SourceVersion "1"]
[SourceVersionDate "2008.11.26"]
[SourceQuality "1"]

1. d4 Nf6 2. c4 e5 3. dxe5 Ng4 4. e4 Nxe5 5. f4 Ng6 6. Nf3 Bb4+ 7. Bd2 Qe7 8. Bxb4 Qxb4+ 9. Nc3 Qxb2 10. Nd5 0-0 11. Nxc7 Nxf4 12. Nxa8 Re8 13. Qd4 Qb4+ 14. Kf2 Nc6 15. Qe3 Qb2+ 16. Be2 Nb4 17. Rad1 d5 18. Qxf4 Rxe4 19. Qxe4 1-0

[Event "SVR-ch MTA 30th"]
[Site "Nickenich"]
[Date "2007.04.05"]
[Round "7"]
[White "Thieme Garmann, Alexander"]
[Black "Telke, Holger"]
[Result "1-0"]
[WhiteElo "2160"]
[BlackElo "2163"]
[PlyCount "67"]
[EventDate "2007.03.30"]
[EventType "tourn"]
[EventRounds "9"]
[EventCountry "GER"]
[SourceTitle "EXT 2009"]
[Source "ChessBase"]
[SourceDate "2008.11.26"]
[SourceVersion "1"]
[SourceVersionDate "2008.11.26"]
[SourceQuality "1"]

1. e4 e6 2. Qe2 Be7 3. Nf3 d5 4. d3 dxe4 5. dxe4 b6 6. c3 Bb7 7. Qc2 Nd7 8. Bb5 a6 9. Bxd7+ Qxd7 10. 0-0 0-0-0 11. Bf4 f6 12. c4 g5 13. Be3 Nh6 14. Nc3 Ng4 15. Rad1 Bd6 16. c5 Nxe3 17. fxe3 bxc5 18. Nd2 Qg7 19. Nc4 Rd7 20. Na5 Qh6 21. g3 Ba8 22. Qe2 Bb7 23. Qc4 g4 24. Rd3 f5 25. Nxb7 Bxg3 26. hxg3 Qh3 27. Ne2 Rxd3 28. Qxd3 Kxb7 29. Qb3+ Ka7 30. Qxe6 Rd8 31. Qxf5 Rd6 32. Qxc5+ Kb7 33. Rc1 Qh6 34. Qxc7+ 1-0

[Event "SVR-ch MTA 29th"]
[Site "Koblenz"]
[Date "2006.04.13"]
[Round "6"]
[White "Thieme Garmann, Alexander"]
[Black "Telke, Holger"]
[Result "0-1"]
[WhiteElo "2178"]
[BlackElo "2160"]
[PlyCount "86"]
[EventDate "2006.04.07"]
[EventType "tourn"]
[EventRounds "9"]
[EventCountry "GER"]
[SourceTitle "EXT 2009"]
[Source "ChessBase"]
[SourceDate "2008.11.26"]
[SourceVersion "1"]
[SourceVersionDate "2008.11.26"]
[SourceQuality "1"]

1. e4 e6 2. d4 d5 3. e5 c5 4. dxc5 Bxc5 5. Qg4 Kf8 6. Nf3 h5 7. Qf4 Nc6 8. Bd3 Nb4 9. 0-0 Nxd3 10. cxd3 Nh6 11. Be3 Be7 12. Nbd2 Nf5 13. Nb3 Bd7 14. Rac1 b6 15. g3 f6 16. exf6 gxf6 17. Qc7 Bd6 18. Qxd8+ Rxd8 19. Nbd4 e5 20. Nxf5 Bxf5 21. Nh4 Bh7 22. d4 Kf7 23. f4 Bd3 24. Rfd1 e4 25. Nf5 Bb8 26. Bd2 Ke6 27. Ne3 h4 28. Rc6+ Kf7 29. Rdc1 hxg3 30. hxg3 Rh3 31. Kg2 Rdh8 32. Ng4 Be2 33. Rxf6+ Kg7 34. Rcc6 Bxg4 35. Rg6+ Kf7 36. Rcf6+ Ke8 37. Rxg4 Rh2+ 38. Kg1 Rxd2 39. Rg7 Kd8 40. Rc6 e3 41. Rb7 e2 42. Re6 Bc7 43. Rxa7 Kd7 0-1

[Event "SVR-ch MTA 29th"]
[Site "Koblenz"]
[Date "2006.04.08"]
[Round "3"]
[White "Schwab, Thomas"]
[Black "Telke, Holger"]
[Result "1/2-1/2"]
[WhiteElo "2159"]
[BlackElo "2160"]
[PlyCount "120"]
[EventDate "2006.04.07"]
[EventType "tourn"]
[EventRounds "9"]
[EventCountry "GER"]
[SourceTitle "EXT 2009"]
[Source "ChessBase"]
[SourceDate "2008.11.26"]
[SourceVersion "1"]
[SourceVersionDate "2008.11.26"]
[SourceQuality "1"]

1. e4 e6 2. d4 d5 3. exd5 exd5 4. Nf3 Bd6 5. c4 dxc4 6. Nc3 Bg4 7. Bxc4 Nc6 8. 0-0 Qd7 9. Bb5 a6 10. Bxc6 Qxc6 11. d5 Qd7 12. Re1+ Ne7 13. Bg5 f6 14. Bh4 0-0-0 15. Qd4 Bxf3 16. gxf3 Kb8 17. Qc4 Ng6 18. Bg3 Ne5 19. Qe4 Rde8 20. f4 f5 21. Qe2 Ng6 22. Qd2 h5 23. h4 Qd8 24. Rxe8 Rxe8 25. Re1 Rxe1+ 26. Qxe1 Nxh4 27. Qe2 Ng6 28. Qxh5 Qf6 29. Kf1 Bxf4 30. Bxf4 Nxf4 31. Qe8+ Ka7 32. Qe3+ Kb8 33. Qxf4 g5 34. Qe3 f4 35. Qe6 Qh8 36. Qe4 b5 37. a3 Qh6 38. Qe8+ Kb7 39. Qe4 Ka7 40. Qd4+ Kb7 41. Qe4 Ka7 42. Ne2 Qh3+ 43. Ke1 Qb3 44. Qd4+ Kb7 45. Kd2 Qf3 46. Ke1 Qh1+ 47. Kd2 Qh6 48. Qc5 Qg7 49. Qd4 Qh6 50. Qe5 f3 51. Nd4 g4+ 52. Qe3 Qf6 53. Kc1 Qd6 54. Qe4 g3 55. Qxf3 Qc5+ 56. Nc2 gxf2 57. d6+ Kc8 58. Qf8+ Kb7 59. Qf3+ Kc8 60. Qf8+ Kb7 1/2-1/2

[Event "Karl Mala Memorial op 09th"]
[Site "Frankfurt"]
[Date "2005.07.29"]
[Round "2"]
[White "Lindner, Heribert"]
[Black "Telke, Holger"]
[Result "0-1"]
[WhiteElo "1561"]
[BlackElo "2160"]
[PlyCount "78"]
[EventDate "2005.07.28"]
[EventType "swiss"]
[EventRounds "7"]
[EventCountry "GER"]
[SourceTitle "EXT 2006"]
[Source "ChessBase"]
[SourceDate "2005.11.24"]
[SourceVersion "1"]
[SourceVersionDate "2005.11.24"]
[SourceQuality "1"]

1. c4 e5 2. Nc3 Nf6 3. g3 d5 4. cxd5 Nxd5 5. Bg2 Nb6 6. Nf3 Nc6 7. 0-0 Be7 8. d3 0-0 9. Bd2 f5 10. a3 a5 11. Be3 f4 12. Bxb6 cxb6 13. Qb3+ Kh8 14. Na4 fxg3 15. hxg3 Rf6 16. Ng5 Qe8 17. Bd5 Nd4 18. Nf7+ Rxf7 19. Bxf7 Qd7 20. Qd5 Nxe2+ 21. Kg2 Qh3+ 22. Kf3 Bg4+ 23. Ke3 Bg5+ 24. f4 exf4+ 25. Kd2 Nxg3 26. Rfe1 Rc8 27. Nc3 Qh2+ 28. Kc1 Ne2+ 29. Kb1 Rxc3 30. Qxg5 Rxd3 31. Qxg4 g5 32. Qxe2 Qxe2 33. Rxe2 f3 34. Rh2 g4 35. Bg6 Rd1+ 36. Ka2 Rxa1+ 37. Kxa1 g3 38. Rh3 g2 39. Rg3 f2 0-1

[Event "Rheinland-ch MT-B 28th"]
[Site "Trier"]
[Date "2005.??.??"]
[Round "1"]
[White "Schwertel, Johann"]
[Black "Telke, Holger"]
[Result "1-0"]
[WhiteElo "2050"]
[BlackElo "2165"]
[PlyCount "163"]
[EventDate "2005.03.??"]
[EventType "tourn"]
[EventRounds "9"]
[EventCountry "GER"]
[SourceTitle "EXT 2009"]
[Source "ChessBase"]
[SourceDate "2008.11.26"]
[SourceVersion "1"]
[SourceVersionDate "2008.11.26"]
[SourceQuality "1"]

1. d4 d5 2. Nf3 Bf5 3. Bf4 e6 4. c3 Be7 5. Qb3 b6 6. Ne5 f6 7. Nf3 g5 8. Bg3 h5 9. h4 g4 10. Nfd2 c5 11. e3 c4 12. Qb5+ Kf7 13. Bxb8 Qxb8 14. g3 Bc2 15. Qa6 Nh6 16. Na3 Bg6 17. e4 Rf8 18. Bg2 e5 19. 0-0 exd4 20. cxd4 Bb4 21. Rad1 Bxd2 22. Rxd2 dxe4 23. Qxc4+ Kg7 24. Re1 f5 25. Nb5 Bf7 26. d5 Qe5 27. Nc3 Rfd8 28. Qd4 Qxd4 29. Rxd4 Rd6 30. Red1 Rad8 31. Bf1 Be8 32. Ne2 Nf7 33. Nf4 Ne5 34. Be2 Bf7 35. Rc1 Kf6 36. a4 a5 37. Kf1 Nd7 38. b4 Ke5 39. Rcd1 Nf6 40. bxa5 bxa5 41. Rc4 Nd7 42. Rc6 Nb6 43. Rc5 Ra8 44. Bb5 Rc8 45. Rxc8 Nxc8 46. Rc1 Nb6 47. Rc7 Bxd5 48. Nxh5 Bb3 49. Nf4 Nxa4 50. Bxa4 Bxa4 51. Rc5+ Kf6 52. Rxa5 Rd1+ 53. Kg2 Bc6 54. Rc5 Bb7 55. Rb5 Rd7 56. Kg1 Kg7 57. Rb6 Ba8 58. Ra6 Bb7 59. Rb6 Kh7 60. Ng2 Ba8 61. Ne3 Ra7 62. Rf6 Bb7 63. Rxf5 Ra1+ 64. Kg2 Ba6 65. Rh5+ Kg6 66. Rg5+ Kf6 67. Nxg4+ Kf7 68. Ne3 Be2 69. g4 Bf3+ 70. Kg3 Rg1+ 71. Kf4 Rh1 72. h5 Rh3 73. Rf5+ Kg7 74. Kg5 Rh2 75. h6+ Rxh6 76. Rf7+ Kxf7 77. Kxh6 Be2 78. g5 Bb5 79. g6+ Kg8 80. Nf5 Bc4 81. g7 Kf7 82. Nd6+ 1-0

[Event "Dortmund op-A"]
[Site "Dortmund"]
[Date "2003.08.09"]
[Round "8"]
[White "Telke, Holger"]
[Black "Schoenwaelder, Bernd"]
[Result "1-0"]
[WhiteElo "2152"]
[BlackElo "2039"]
[PlyCount "103"]
[EventDate "2003.08.01"]
[EventType "swiss"]
[EventRounds "9"]
[EventCountry "GER"]
[SourceTitle "CBM 095 Extra"]
[Source "ChessBase"]
[SourceDate "2003.09.04"]
[SourceVersion "1"]
[SourceVersionDate "2003.09.04"]
[SourceQuality "1"]

1. d4 Nf6 2. c4 c5 3. d5 b5 4. cxb5 a6 5. f3 e6 6. e4 exd5 7. e5 Qe7 8. Qe2 Ng8 9. Nc3 Bb7 10. Nh3 c4 11. Nf4 Qc5 12. b6 d4 13. Ne4 Qxe5 14. Qxc4 d5 15. Qc7 Qxc7 16. bxc7 dxe4 17. cxb8Q+ Rxb8 18. fxe4 Bb4+ 19. Kd1 Nf6 20. Nd5 Nxd5 21. exd5 0-0 22. a3 Bd6 23. Bc4 Rbc8 24. b3 Rc5 25. a4 Bxd5 26. Ba3 Bxc4 27. bxc4 Rc6 28. Bxd6 Rxd6 29. Kd2 Rb8 30. Rab1 Rdb6 31. Rxb6 Rxb6 32. c5 Rc6 33. Rc1 Kf8 34. Kd3 Ke7 35. Kxd4 Kd7 36. Rf1 Rg6 37. Rxf7+ Kc6 38. g3 Rg4+ 39. Rf4 Rg5 40. g4 Rd5+ 41. Ke4 Rd2 42. h4 Kxc5 43. Rf5+ Kb4 44. Rf7 Rh2 45. h5 g6 46. Rxh7 gxh5 47. Rxh5 Rg2 48. Kf3 Rg1 49. a5 Rc1 50. Rf5 Kc4 51. Kf4 Kd4 52. Rf6 1-0